00509nam a2200157 a 4500008004100000020001800041050001500059100002000074245010100094260003700195300001500232350001000247650005000257650001300307650003100320160426s2007 ||||||||||||||||| || u a9781861344519 aJV 733 Sal aSales, Rosemary10aUnderstanding immigration and refugee policy: contradictions and continuitiescBy Rosemary Sales aBristol:bThe Policy Pressc2007 axiv, 282p. a35.95 aEMIGRATION AND IMMIGRATION--GOVERNMENT POLICY aREFUGEES aEMIGRATION AND IMMIGRATION